Loading...
| Current Events | 1 | 10.00 | 100% | 0% | 0% |
| Fine Arts - Classical Music | 4 | 5.00 | 50% | 0% | 0% |
| Fine Arts - Other | 3 | 10.00 | 100% | 0% | 0% |
| Fine Arts - Painting and Sculpture | 8 | 8.75 | 75% | 13% | 0% |
| History - American | 4 | 15.00 | 100% | 25% | 25% |
| History - European | 4 | 15.00 | 100% | 0% | 50% |
| History - Other | 7 | 8.57 | 86% | 0% | 0% |
| History - World | 2 | 20.00 | 100% | 100% | 0% |
| Literature - American | 3 | 6.67 | 67% | 0% | 0% |
| Literature - British | 5 | 10.00 | 60% | 40% | 0% |
| Literature - European | 6 | 8.33 | 50% | 33% | 0% |
| Literature - World | 2 | 0.00 | 0% | 0% | 0% |
| Mythology | 8 | 13.75 | 100% | 13% | 25% |
| Philosophy | 2 | 5.00 | 50% | 0% | 0% |
| Religion | 6 | 15.00 | 100% | 17% | 33% |
| Science - Biology | 2 | 15.00 | 100% | 50% | 0% |
| Science - Chemistry | 1 | 0.00 | 0% | 0% | 0% |
| Science - Other | 4 | 12.50 | 100% | 25% | 0% |
| Science - Physics | 7 | 7.14 | 71% | 0% | 0% |
| Social Science | 3 | 13.33 | 100% | 33% | 0% |